Reflexiones del corazón : (Registro nro. 13917)
[ vista simple ]
| 000 -LIDER | |
|---|---|
| fixed length control field | 00817nam a2200241 u 4500 |
| 001 - NÚMERO DE CONTROL | |
| Identificador de número de control | 000046850 |
| 003 - IDENTIFICACDOR DE NÚMERO DE CONTROL | |
| control field | DO-SdBNP |
| 005 - DATE AND TIME OF LATEST TRANSACTION | |
| control field | 20211203125433.0 |
| 008 - ELEMENTOS DE LONGITUD FIJA | |
| fixed length control field | 100809s2016 dr r 000 0 spa d |
| 020 ## - ISBN | |
| International Standard Book Number | 9789945085808 |
| 040 ## - FUENTE DE CATALOGACIÓN | |
| Agencia que crea de manera original el registro | DO-SdBNP |
| Idioma de catalogación | spa |
| Agencia que realiza la transcripción | BPMSU |
| 082 ## - NÚMERO DE CLASIFICACIÓN DECIMAL DE DEWEY | |
| Classification number | RD861.5 |
| Item number | A14r 2016 |
| Edition number | 22 |
| 100 1# - ASIENTO PRINCIPAL -- NOMBRE PERSONAL | |
| Nombre personal | Adames, Frayla Esther |
| Fechas asociadas con el nombre | 1960- |
| 245 10 - MENCIÓN DE TITULO | |
| Título | Reflexiones del corazón : |
| Subtítulo | una selección de poemas para la exaltación del alma, el éxito y la armonía familiar / |
| Mención de responsabilidad | Frayla Esther Adames. |
| 260 ## - PUBLICACIÓN, DISTRIBUCIÓN, ETC. (PIE DE IMPRENTA) | |
| Lugar de publicación, distribución, etc | Santo Domingo : |
| Nombre del editor, distribuidor, etc. | Búho, |
| Fecha de publicación, distribución, etc | 2016. |
| 300 ## - DESCRIPCIÓN FÍSICA | |
| Extensión | 293 p. ; |
| Dimensiones | 23 cm. |
| 500 ## - NOTA GENERAL | |
| Nota general | Incluye datos biografícos de la autora en la solapa de la cubierta. |
| 590 ## - NOTA LOCAL | |
| Texto de la nota local | Inventariado, 2021/VM |
| 650 #4 - ENCABEZAMIENTO DE MATERIA--TEMÁTICO | |
| Término temático o nombre geográfico como elemento de entrada | Poesía dominicana |
| 650 #4 - ENCABEZAMIENTO DE MATERIA--TEMÁTICO | |
| Término temático o nombre geográfico como elemento de entrada | Literatura dominicana |
| 910 ## - VALIDACIÓN | |
| Validación | VMateo V. |
| 942 ## - ADDED ENTRY ELEMENTS (KOHA) | |
| Source of classification or shelving scheme | Dewey Decimal Classification |
| Koha item type | Libros |
| Withdrawn status | Lost status | Source of classification or shelving scheme | Damaged status | Not for loan | Collection code | Home library | Current library | Date acquired | Total Checkouts | Full call number | Barcode | Date last seen | Price effective from | Koha item type |
|---|---|---|---|---|---|---|---|---|---|---|---|---|---|---|
| Dewey Decimal Classification | Colección Dominicana | Biblioteca Pública Metropolitana Salomé Ureña | Biblioteca Pública Metropolitana Salomé Ureña | 12/03/2021 | BPMSU CD RD861.5 A14r 2016 | BPMSU21120009 | 12/03/2021 | 12/03/2021 | Libros |